Planting new churches / (Record no. 3257)

MARC details
000 -LEADER
fixed length control field 00692nam a2200265 i 4500
001 - CONTROL NUMBER
control field 979
003 - CONTROL NUMBER IDENTIFIER
control field GBCCL
005 - DATE AND TIME OF LATEST TRANSACTION
control field 20241126110451.0
008 - FIXED-LENGTH DATA ELEMENTS--GENERAL INFORMATION
fixed length control field 790131s1978 tnua 00010 eng
010 ## -
-- 78055694
020 ## - INTERNATIONAL STANDARD BOOK NUMBER
International Standard Book Number 0805463143
035 ## - SYSTEM CONTROL NUMBER
System control number OCM04596127 820322
040 ## - CATALOGING SOURCE
Original cataloging agency DLC
Transcribing agency DLC
Modifying agency LBB
049 ## -
-- LBBK
050 0# -
-- BV3793
-- .R38
082 ## - DEWEY DECIMAL CLASSIFICATION NUMBER
Classification number 254.1
Item number RED
092 ## - LOCALLY ASSIGNED DEWEY CALL NUMBER (OCLC)
Classification number 254.5
Item number R315
100 10 - MAIN ENTRY--PERSONAL NAME
Personal name Redford, Jack.
9 (RLIN) 6700
245 10 - TITLE STATEMENT
Title Planting new churches /
Statement of responsibility, etc. Jack Redford.
260 0# - PUBLICATION, DISTRIBUTION, ETC.
Place of publication, distribution, etc. Nashville :
Name of publisher, distributor, etc. Broadman Press,
Date of publication, distribution, etc. c1978.
300 ## - PHYSICAL DESCRIPTION
Extent 152 p. [14] p. :
Other physical details ill. ;
Dimensions 21 cm.
650 #0 - SUBJECT ADDED ENTRY--TOPICAL TERM
Topical term or geographic name entry element Church growth.
9 (RLIN) 291
650 #0 - SUBJECT ADDED ENTRY--TOPICAL TERM
Topical term or geographic name entry element Evangelistic work.
9 (RLIN) 290
942 ## - ADDED ENTRY ELEMENTS (KOHA)
Source of classification or shelving scheme Dewey Decimal Classification
Koha item type Books
Koha issues (borrowed), all copies 18
Holdings
Withdrawn status Lost status Source of classification or shelving scheme Damaged status Not for loan Home library Current Library Shelving location Date acquired Total checkouts Total renewals Full call number Barcode Date last seen Date last checked out Copy number Price effective from Koha item type
    Dewey Decimal Classification     GRACE BIBLE COLLEGE GRACE BIBLE COLLEGE Ministry & Mission 2017-11-22 21 2 254.1 RED 004921 2025-10-09 2025-10-01 c.1 2017-11-22 Books
© Grace Bible College Library 2025